000 00310nam a2200109Ia 4500
008 200302s9999 xx 000 0 und d
100 _aJoseph De Chiara
245 _aHandbook of Architectural Details for Commercial Buildings
260 _bMcgraw- hill International Book co.,
260 _c1980
300 _a508 P.,
999 _c249
_d249